000 00635nam a22002177a 4500
003 UA-OsUOA
001 72247
007 ta
008 20101230b un ||||| |||| 00| 0 ukr d
100 _aБулаховська Ю.
090 _a82
_bБ90
942 _cSA
040 _aUA-OsUOA
_bukr
_cUA-OsUOA
_dUA-OsUOA
245 _aЛеся Українка і Марія Конопницька (порівняльно-типологічне зіставлення)
300 _aС.40-46
955 _a0
041 _aukr
080 _a82
773 0 _w72244
650 7 _a82 Література. Літературознавство
_2UDC
999 _c358532
_d358532